Polar bear patrol / (Record no. 418)

MARC details
000 -LEADER
fixed length control field 01415nam a22003977a 4500
001 - CONTROL NUMBER
control field 418
003 - CONTROL NUMBER IDENTIFIER
control field FISKH
005 - DATE AND TIME OF LATEST TRANSACTION
control field 20250221111718.0
008 - FIXED-LENGTH DATA ELEMENTS--GENERAL INFORMATION
fixed length control field 230411b cb ||||| |||| 00| 0 eng d
010 ## - LIBRARY OF CONGRESS CONTROL NUMBER
LC control number 2002514329
020 ## - INTERNATIONAL STANDARD BOOK NUMBER
International Standard Book Number 9780439314336
040 ## - CATALOGING SOURCE
Original cataloging agency DLC
Transcribing agency DLC
Modifying agency DLC
-- FISKH
Language of cataloging eng
042 ## - AUTHENTICATION CODE
Authentication code pcc
-- lcac
050 00 - LIBRARY OF CONGRESS CALL NUMBER
Classification number QL737.C27
Item number S67 2002
082 00 - DEWEY DECIMAL CLASSIFICATION NUMBER
Classification number 599.786
Edition number 22
100 1# - MAIN ENTRY--PERSONAL NAME
Personal name Stamper, Judith Bauer.
245 10 - TITLE STATEMENT
Title Polar bear patrol /
Statement of responsibility, etc. [written by Judith Stamper ; illustrations by Steve Haefele].
260 ## - PUBLICATION, DISTRIBUTION, ETC.
Place of publication, distribution, etc. New York :
Name of publisher, distributor, etc. Scholastic,
Date of publication, distribution, etc. 2002.
300 ## - PHYSICAL DESCRIPTION
Extent 91 pages :
Other physical details illuatrations ;
Dimensions 20 cm.
440 #4 - SERIES STATEMENT/ADDED ENTRY--TITLE
Title The Magic School Bus, a science chapter book ;
Volume/sequential designation Book 13
500 ## - GENERAL NOTE
General note "Based on The Magic School Bus books written by Joanna Cole and illustrated by Bruce Degan"--T.p. verso.
505 ## - FORMATTED CONTENTS NOTE
Formatted contents note K
521 8# - TARGET AUDIENCE NOTE
Target audience note 560
Source Lexile
521 8# - TARGET AUDIENCE NOTE
Target audience note K <br/>
Source Raz-Plus
650 #0 - SUBJECT ADDED ENTRY--TOPICAL TERM
Topical term or geographic name entry element Polar bear
Form subdivision Juvenile literature.
650 #1 - SUBJECT ADDED ENTRY--TOPICAL TERM
Topical term or geographic name entry element Polar bear.
650 #1 - SUBJECT ADDED ENTRY--TOPICAL TERM
Topical term or geographic name entry element Bears.
651 #1 - SUBJECT ADDED ENTRY--GEOGRAPHIC NAME
Geographic name Arctic regions.
700 1# - ADDED ENTRY--PERSONAL NAME
Personal name Haefele, Steve,
Relator term illustrator
700 1# - ADDED ENTRY--PERSONAL NAME
Personal name Cole, Joanna.
710 2# - ADDED ENTRY--CORPORATE NAME
Corporate name or jurisdiction name as entry element Scholastic Inc.
856 42 - ELECTRONIC LOCATION AND ACCESS
Materials specified Publisher description
Uniform Resource Identifier <a href="http://www.loc.gov/catdir/description/schol051/2002514329.html">http://www.loc.gov/catdir/description/schol051/2002514329.html</a>
906 ## - LOCAL DATA ELEMENT F, LDF (RLIN)
a 7
b cbc
c orignew
d 3
e ncip
f 20
g y-gencatlg
942 ## - ADDED ENTRY ELEMENTS (KOHA)
Source of classification or shelving scheme Dewey Decimal Classification
Koha item type Books
Suppress in OPAC No
Holdings
Withdrawn status Lost status Source of classification or shelving scheme Damaged status Not for loan Collection Home library Current library Shelving location Date acquired Total Checkouts Full call number Barcode Date last seen Copy number Price effective from Koha item type Date last checked out
    Dewey Decimal Classification     Juvenile Fiction Footprints International School Library Network Toul Kork Campus Footprints International School Library Network Toul Kork Campus TK Primary Library Room(4th Floor), Bookcase 3&4, Shelves 17-32, Yellow Books 04/11/2023   STA 813.6 QL737.C27 FISTK01890 04/11/2023 1 04/11/2023 Books  
    Dewey Decimal Classification     Juvenile Fiction Footprints International School Library Network Toul Kork Campus Footprints International School Library Network Toul Kork Campus TK Primary Library Room(4th Floor), Bookcase 3&4, Shelves 17-32, Yellow Books 04/11/2023   STA 813.6 QL737.C27 FISTK01889 08/16/2023 2 04/11/2023 Books  
    Dewey Decimal Classification     Juvenile Fiction Footprints International School Library Network Toul Kork Campus Footprints International School Library Network Toul Kork Campus TTP Primary Yellow Bookshelves 02/13/2025   STA 813.6 QL737.C27 2025-0568 02/13/2025 3 02/13/2025 Books  
    Dewey Decimal Classification     Juvenile Fiction Footprints International School Library Network Toul Kork Campus Footprints International School Library Network Toul Kork Campus TTP Primary Yellow Bookshelves 02/13/2025   STA 813.6 QL737.C27 2025-0569 02/13/2025 4 02/13/2025 Books  
    Dewey Decimal Classification     Juvenile Fiction Footprints International School Library Network Toul Kork Campus Footprints International School Library Network Toul Tom Poung Campus TTP Primary Yellow Bookshelves 02/21/2025 1 STA 813.6 QL737.C27 2025-0671 10/08/2025 5 02/21/2025 Books 08/20/2025